Statistiken für Tabellenendstand der Ligue 1 Saison 2021/2022

Klicken Sie hier um das Quiz zu spielen!

Allgemein

  • Dieses Quiz wurde 97 mal gespielt
  • Das Durchschnittsergebnis liegt bei 9 aus 20

Antwortstatistiken

PunkteVerein% Korrekt
186Paris Saint-Germain
100%
271Olympique Marseille
85%
369AS Monaco
75%
861Olympique Lyon
57%
466Stade Rennes
57%
566OGC Nizza
51%
1055OSC Lille
48%
1832AS Saint-Étienne
46%
762RC Lens
46%
955FC Nantes
40%
663Racing Straßburg
40%
2031Girondins Bordeaux
36%
1931FC Metz
35%
1246Stade Reims
35%
1441SCO Angers
29%
1148Stade Brest
29%
1343HSC Montpellier
27%
1736Clermont Foot
21%
1538ES Troyes AC
20%
1636FC Lorient
19%

Verteilung der Resultate

Perzentil nach korrekt beantworteten Fragen

Anzahl Personen mit jedem Resultat

Ihre Resultats-Entwicklung

Sie haben dieses Quiz noch nicht gespielt